[Event "SRI-ch (Women)"]
[Site "Nugegoda"]
[Date "2021.12.29"]
[Round "10"]
[White "Ranganath, Tharuli Vihasna"]
[Black "Herath, HMRMK"]
[Result "1-0"]
[WhiteElo "1348"]
[BlackElo "1559"]
[PlyCount "65"]
[EventDate "2021.12.24"]
[EventType "tourn"]
[EventRounds "13"]
[EventCountry "SRI"]
[SourceTitle "CBM 205 Extra"]
[Source "ChessBase"]
[SourceDate "2022.01.31"]
[SourceVersion "1"]
[SourceVersionDate "2022.01.31"]
[SourceQuality "1"]

1. e4 c5 2. Nf3 d6 3. d4 cxd4 4. Nxd4 Nf6 5. Nc3 a6 6. Bg5 e6 7. f4 Be7 8. Qf3 Qc7 9. 0-0-0 Nbd7 10. g4 h6 11. Bxf6 Bxf6 12. h4 Rb8 13. Bg2 b5 14. g5 Be7 15. g6 Nf6 16. gxf7+ Kxf7 17. Bh3 b4 18. Nce2 Bd7 19. Rhg1 Bf8 20. Qg3 Ke7 21. e5 dxe5 22. fxe5 Ne4 23. Qf4 Nc5 24. Rgf1 Be8 25. Bxe6 Nxe6 26. Nxe6 Kxe6 27. Nd4+ Ke7 28. Nf5+ Ke6 29. Qg4 Rb6 30. Nxh6+ Ke7 31. Nf5+ Ke6 32. Nxg7+ Ke7 33. Qg5+ 1-0

[Event "SRI-ch (Women)"]
[Site "Nugegoda"]
[Date "2021.12.27"]
[Round "7"]
[White "Ranganath, Tharuli Vihasna"]
[Black "Tharushi, THD Niklesha"]
[Result "1-0"]
[WhiteElo "1348"]
[BlackElo "1711"]
[PlyCount "75"]
[EventDate "2021.12.24"]
[EventType "tourn"]
[EventRounds "13"]
[EventCountry "SRI"]
[SourceTitle "CBM 205 Extra"]
[Source "ChessBase"]
[SourceDate "2022.01.31"]
[SourceVersion "1"]
[SourceVersionDate "2022.01.31"]
[SourceQuality "1"]

1. e4 c5 2. Nf3 Nc6 3. Bb5 g6 4. Bxc6 dxc6 5. d3 Bg7 6. h3 e6 7. 0-0 Ne7 8. Nbd2 0-0 9. e5 b6 10. b3 Qc7 11. Bb2 Ba6 12. Nc4 Rfd8 13. Nd6 Qb8 14. Ne4 c4 15. bxc4 Bxc4 16. Nf6+ Kh8 17. Ng5 Bxf6 18. exf6 Nf5 19. Nxf7+ Kg8 20. Nxd8 Bd5 21. c4 Bxg2 22. Kxg2 Qxd8 23. Qe2 Qd7 24. Qe5 Kf7 25. d4 b5 26. cxb5 c5 27. dxc5 Qxb5 28. Rac1 Qc6+ 29. f3 Nh4+ 30. Kg3 Nf5+ 31. Kf2 Nh4 32. Qe4 Qb5 33. Qxh4 Qxb2+ 34. Kg3 h5 35. Rfd1 g5 36. Qxg5 h4+ 37. Kf4 e5+ 38. Ke4 1-0

[Event "SRI-ch (Women)"]
[Site "Nugegoda"]
[Date "2021.12.26"]
[Round "4"]
[White "Mendis, Dasuni Hansika"]
[Black "Ranganath, Tharuli Vihasna"]
[Result "1-0"]
[WhiteElo "1664"]
[BlackElo "1348"]
[PlyCount "131"]
[EventDate "2021.12.24"]
[EventType "tourn"]
[EventRounds "13"]
[EventCountry "SRI"]
[SourceTitle "CBM 205 Extra"]
[Source "ChessBase"]
[SourceDate "2022.01.31"]
[SourceVersion "1"]
[SourceVersionDate "2022.01.31"]
[SourceQuality "1"]

1. d4 d5 2. c4 e6 3. Nc3 Nf6 4. cxd5 exd5 5. Bg5 Be7 6. e3 c6 7. Bd3 Nbd7 8. Qc2 Nf8 9. Nge2 Ne6 10. Bh4 g6 11. 0-0 0-0 12. f3 Nh5 13. Bxe7 Qxe7 14. Qd2 f5 15. Rae1 Qg5 16. Bc2 b6 17. b4 Bb7 18. Bb3 Nc7 19. Nc1 Kh8 20. Nd3 Ba6 21. Rf2 Bxd3 22. Qxd3 Rae8 23. Rfe2 Re7 24. b5 Qf6 25. bxc6 Qxc6 26. Rc2 Qd6 27. Qd2 b5 28. Nd1 Rfe8 29. Nf2 Nf6 30. Nd3 Nd7 31. Qc1 Nb6 32. Ne5 Nc4 33. f4 g5 34. a4 a6 35. Ra2 Ne6 36. g3 gxf4 37. gxf4 Rg7+ 38. Kh1 Qb4 39. Bc2 Rf8 40. Bd3 Qe7 41. Qa1 Nc7 42. Qb1 Qf6 43. axb5 axb5 44. Qb4 Rfg8 45. Qb1 Qh6 46. Bxf5 Qh5 47. Rf2 Qh4 48. Rfe2 Qh5 49. Rf2 Qh4 50. Nd3 Qh5 51. Ne5 Qh4 52. Ra2 Qh5 53. Rf2 Qh4 54. Ree2 Nxe3 55. Nf3 Qxf4 56. Qc1 Qxf5 57. Qxe3 Qg6 58. Qc1 Ne6 59. Rf1 Ng5 60. Ne5 Qh5 61. Rg2 h6 62. Qe1 Ne4 63. Rxg7 Rxg7 64. Rg1 Rxg1+ 65. Qxg1 Qh4 66. Ng6+ 1-0

[Event "SRI-ch (Women)"]
[Site "Nugegoda"]
[Date "2021.12.24"]
[Round "2"]
[White "Newansa, M Esandi"]
[Black "Ranganath, Tharuli Vihasna"]
[Result "1/2-1/2"]
[WhiteElo "1163"]
[BlackElo "1348"]
[PlyCount "99"]
[EventDate "2021.12.24"]
[EventType "tourn"]
[EventRounds "13"]
[EventCountry "SRI"]
[SourceTitle "CBM 205 Extra"]
[Source "ChessBase"]
[SourceDate "2022.01.31"]
[SourceVersion "1"]
[SourceVersionDate "2022.01.31"]
[SourceQuality "1"]

1. d4 d5 2. Bf4 Nf6 3. e3 c5 4. c3 Qb6 5. Qc1 Bf5 6. Nd2 e6 7. Ngf3 Nc6 8. Be2 h6 9. 0-0 Nh5 10. Bg3 Nxg3 11. fxg3 Be7 12. Bd1 cxd4 13. exd4 Rc8 14. Nb3 a5 15. a4 0-0 16. Kh1 Rc7 17. Qe3 Na7 18. Rf2 Nc8 19. Nfd2 Nd6 20. Ra2 Ne4 21. Nxe4 Bxe4 22. Qe2 Bd6 23. Bc2 Bxc2 24. Qxc2 e5 25. dxe5 Bxe5 26. Re2 Bf6 27. Qd1 Rd7 28. Rd2 Rfd8 29. Nd4 Bxd4 30. Rxd4 Re8 31. h4 Qd6 32. Qd3 Qc6 33. Ra1 Re4 34. Rd1 Rxd4 35. Qxd4 b6 36. b3 Qc5 37. b4 axb4 38. cxb4 Qxd4 39. Rxd4 Kf8 40. Kg1 Ke7 41. Kf2 Ke6 42. Ke3 Ke5 43. a5 Ra7 44. axb6 Rb7 45. Kd3 Rxb6 46. Rg4 g6 47. Kc3 Rc6+ 48. Kd3 Rc1 49. Rf4 f6 50. Rf2 1/2-1/2

[Event "SRI-ch U14 Girls"]
[Site "Delkanda"]
[Date "2021.04.04"]
[Round "6"]
[White "Sandanayake, Dehansa Nisanduni"]
[Black "Ranganath, Tharuli Vihasna"]
[Result "1/2-1/2"]
[WhiteElo "1231"]
[BlackElo "1390"]
[PlyCount "65"]
[EventDate "2021.04.02"]
[EventType "tourn"]
[EventRounds "9"]
[EventCountry "SRI"]
[SourceTitle "EXT 2022"]
[Source "ChessBase"]
[SourceDate "2021.10.06"]
[SourceVersion "1"]
[SourceVersionDate "2021.10.06"]
[SourceQuality "1"]

1. e4 e6 2. d4 d5 3. Nc3 Nf6 4. e5 Nfd7 5. Nf3 a6 6. Bd3 c5 7. dxc5 Bxc5 8. 0-0 Nc6 9. Bf4 f6 10. exf6 Nxf6 11. Qd2 0-0 12. Rfe1 Bb6 13. Ne2 Bc7 14. Rad1 Bd7 15. c3 Qb8 16. Bxc7 Qxc7 17. c4 dxc4 18. Bxc4 Kh8 19. Ng3 Rae8 20. Ng5 Nd8 21. Qd3 h6 22. Nf3 Nc6 23. Nh4 Rf7 24. Ng6+ Kg8 25. Rc1 b5 26. Bb3 Qb7 27. Qd6 Qb8 28. Qc5 Na5 29. Bc2 Nc4 30. b3 Nb6 31. Ne5 Rff8 32. Ng6 Rf7 33. Ne5 1/2-1/2

[Event "SRI-ch U14 Girls"]
[Site "Delkanda"]
[Date "2021.04.02"]
[Round "2"]
[White "Ranganath, Tharuli Vihasna"]
[Black "Bimansa, DG Jayandi"]
[Result "1/2-1/2"]
[WhiteElo "1390"]
[BlackElo "1069"]
[PlyCount "58"]
[EventDate "2021.04.02"]
[EventType "tourn"]
[EventRounds "9"]
[EventCountry "SRI"]
[SourceTitle "EXT 2022"]
[Source "ChessBase"]
[SourceDate "2021.10.06"]
[SourceVersion "1"]
[SourceVersionDate "2021.10.06"]
[SourceQuality "1"]

1. e4 e6 2. d4 d5 3. Nd2 c5 4. exd5 exd5 5. c3 cxd4 6. cxd4 Nc6 7. Ngf3 Bd6 8. Bd3 Bg4 9. Nb3 Qe7+ 10. Qe2 Bb4+ 11. Bd2 Bxd2+ 12. Kxd2 Bxf3 13. Qxe7+ Ngxe7 14. gxf3 0-0 15. Bb5 Rac8 16. a3 Nf5 17. Bxc6 Rxc6 18. Rac1 Rfc8 19. Kd3 Rxc1 20. Nxc1 Kf8 21. Re1 Nh4 22. f4 Ng2 23. Rg1 Nxf4+ 24. Ke3 Nh3 25. Rd1 Rc2 26. Nd3 a5 27. Kf3 Ng5+ 28. Kf4 Ne4 29. f3 Nf6 1/2-1/2

[Event "SRI-ch (Women)"]
[Site "Colombo"]
[Date "2020.09.21"]
[Round "12"]
[White "Pavalachandran, Ashvini"]
[Black "Ranganath, Tharuli Vihasna"]
[Result "1-0"]
[WhiteElo "1614"]
[BlackElo "1362"]
[PlyCount "121"]
[EventDate "2020.09.11"]
[EventType "tourn"]
[EventRounds "13"]
[EventCountry "SRI"]
[SourceTitle "CBM 198 Extra"]
[Source "ChessBase"]
[SourceDate "2020.11.30"]
[SourceVersion "1"]
[SourceVersionDate "2020.11.30"]
[SourceQuality "1"]

1. d4 Nf6 2. c4 e6 3. Nc3 d5 4. Bg5 Nbd7 5. e3 c6 6. Nf3 Qa5 7. Nd2 Bb4 8. Qc2 h6 9. Bxf6 Nxf6 10. Bd3 Bd7 11. 0-0 0-0 12. Rae1 Qc7 13. f4 Rac8 14. c5 Ng4 15. h3 Nf6 16. a3 Bxc3 17. Qxc3 Nh7 18. Nf3 f5 19. Ne5 Nf6 20. Ng6 Rf7 21. Qc2 Kh7 22. Ne5 Rff8 23. g4 Ne4 24. Bxe4 dxe4 25. Qg2 Be8 26. Kh1 g6 27. Rg1 Rg8 28. h4 Bf7 29. Qh3 h5 30. gxh5 gxh5 31. Rg5 Qe7 32. Qg3 Rcd8 33. Rg1 Qf6 34. Qe1 a6 35. Qd1 Kh6 36. b4 Qe7 37. Qe1 Kh7 38. Qe2 Kh6 39. R1g2 Qf6 40. Qd1 Rde8 41. Qg1 Kh7 42. Qd1 Kh6 43. Kh2 Rd8 44. Kh3 Rde8 45. Qg1 Kh7 46. Nd7 Qh8 47. Ne5 Qf6 48. Qd1 Kh6 49. a4 Rd8 50. Qe2 Rc8 51. b5 axb5 52. axb5 cxb5 53. Qxb5 Qe7 54. Qb6 Kh7 55. Qd6 Qe8 56. Nd7 Kh8 57. Qe5+ Kh7 58. Rg7+ Kh6 59. Qf6+ Bg6 60. R2xg6+ Qxg6 61. Qxg6# 1-0

[Event "SRI-ch (Women)"]
[Site "Colombo"]
[Date "2020.09.20"]
[Round "11"]
[White "Ranganath, Tharuli Vihasna"]
[Black "Fernando, GW Nethmi L"]
[Result "0-1"]
[WhiteElo "1362"]
[BlackElo "1630"]
[PlyCount "46"]
[EventDate "2020.09.11"]
[EventType "tourn"]
[EventRounds "13"]
[EventCountry "SRI"]
[SourceTitle "CBM 198 Extra"]
[Source "ChessBase"]
[SourceDate "2020.11.30"]
[SourceVersion "1"]
[SourceVersionDate "2020.11.30"]
[SourceQuality "1"]

1. e4 c5 2. Nf3 d6 3. d4 cxd4 4. Nxd4 Nf6 5. Nc3 a6 6. Bg5 e6 7. f4 Be7 8. Qf3 Qc7 9. 0-0-0 0-0 10. g4 b5 11. Bxf6 Bxf6 12. g5 Be7 13. h4 Bb7 14. Bg2 Nd7 15. Qg3 b4 16. Nb1 Rfc8 17. Qf2 Nc5 18. Qe2 Qa5 19. a3 e5 20. fxe5 dxe5 21. axb4 Qxb4 22. Qd2 Qxd4 23. Qxd4 Nb3# 0-1